00710nam a2200217Ia 4500003000400000005001700004008004100021020001800062040000700080041000800087082001300095100002400108245005600132260004500188300001600233365001300249906005900262942001200321999001900333952014000352OSt20220615153307.0210423s2006 xx 000 0 und d a9788173194226 cAL aeng a543 MOHJ aMOHAN (Jag).942884 aOrganic analytical chemistry: theory and practice. aNew DelhibNarosa Publishing Housec2006 axii,660bPB b410cINR aanalytical ; chemistry: ; Organic ; practice. ; theory 2ddccBK c154820d154820 001040708GCaSACPGbSACPGd2012-07-09eAthulya Booksg410.00l2o543 MOHJpPG001289r2025-10-04 10:43:44s2025-09-29w2021-04-26yBK